La dignidad humana en el documento de Puebla

Sábháilte in:
Sonraí bibleagrafaíochta
Príomhchruthaitheoir: Sampedro Nieto, Francisco (Údar)
Formáid: LEABHAR
Teanga:Spáinnis
Foilsithe / Cruthaithe: Salamanca Imprenta KADMOS 1990
Ábhair:
Clibeanna: Cuir clib leis
Níl clibeanna ann, Bí ar an gcéad duine le clib a chur leis an taifead seo!

MARC

LEADER 00000nam a2200000 a 4500
001 UCX1702
003 CL-VaPUC
008 901022e19900000SP |||||||||||||||||spa|d
082 0 4 |a 262.3  |b SAM  |2 21 
100 0 |a Sampedro Nieto, Francisco  |e author  |9 317312 
245 1 3 |a La dignidad humana en el documento de Puebla 
300 |a 130 p 
942 |c BK 
945 |d 19901022 00:00:00 
260 |a Salamanca  |b Imprenta KADMOS  |c 1990 
500 |a Separata de Diálogo Ecuménico 
650 7 |a HOMBRE TEOLOGIA CRISTIANA  |2 CL-VaPUC  |9 255469 
650 0 |a Dignidad  |9 317313 
583 |a last modification  |c 19901022 00:00:00  |k Rodrigo Vera 
999 |c 222876  |d 222874 
952 |0 0  |1 0  |4 0  |6 262_300000000000000_SAM_1990  |7 0  |8 A  |9 218165  |a BIBTEO  |b BIBTEO  |d 2019-11-15  |i 2870029  |o 262.3 SAM 1990  |p 2870029  |r 2025-01-17  |w 2019-11-15  |y BK  |k ICR